000 00661cam a22002413a 4500
001 25104
003 PGUSA
005 20140828083535.0
008 080419s2008||||xxu|||||s|||||000 | eng d
040 _aPGUSA
_beng
042 _adc
050 4 _aHE
100 1 _aRainey, Thomas
245 1 0 _aOcean Steam Navigation and the Ocean Post
_h[electronic resource] /
_cThomas Rainey
260 _bProject Gutenberg,
_c2008
506 _aPublic domain in the USA.
516 _aElectronic text
653 _aSteam-navigation
653 _aMail steamers
830 0 _aProject Gutenberg
_v25104
856 4 0 _uhttp://www.gutenberg.org/ebooks/25104
942 _cEB
999 _c254359
_d254359